[Event "Bucharest Gaudeamus Cup 3rd"]
[Site "Bucharest"]
[Date "2011.06.19"]
[Round "5"]
[White "Georgescu, Bogdan"]
[Black "Popescu, Ioan Romulus"]
[Result "0-1"]
[WhiteElo "1807"]
[BlackElo "1868"]
[PlyCount "128"]
[EventDate "2011.06.17"]
[EventType "swiss"]
[EventRounds "5"]
[EventCountry "ROU"]
[SourceTitle "CBM 143 Extra"]
[Source "ChessBase"]
[SourceDate "2011.08.29"]
[SourceVersion "1"]
[SourceVersionDate "2011.08.29"]
[SourceQuality "1"]

1. d4 Nf6 2. c4 e5 3. Bg5 Bb4+ 4. Nc3 exd4 5. Qxd4 Nc6 6. Qe3+ Qe7 7. Qxe7+ Kxe7 8. Bd2 d6 9. a3 Ba5 10. b4 Bb6 11. e3 a5 12. b5 Ne5 13. Na4 Bf5 14. Nxb6 cxb6 15. Be2 Nd3+ 16. Kf1 Rac8 17. Nf3 Nc5 18. Nd4 Bg6 19. f3 Nd3 20. e4 Nc5 21. h4 h6 22. Bc3 Nh5 23. Kf2 Nf4 24. g4 Rhe8 25. h5 Bh7 26. Rhe1 Nfd3+ 27. Ke3 Nxe1 28. Rxe1 f6 29. Nf5+ Bxf5 30. gxf5 Kd7 31. Rg1 Re7 32. Bd1 d5 33. Bc2 dxe4 34. fxe4 Ke8 35. Rg6 Kf7 36. e5 Nd7 37. e6+ Kf8 38. Bd3 Nc5 39. Bxf6 gxf6 40. Rxf6+ Kg7 41. Rg6+ Kh7 42. Rg4 Nxd3 43. Kxd3 Rc5 44. Rf4 Kg8 45. a4 Kf8 46. Kd4 Rec7 47. Kd3 Re5 48. Rd4 Rxf5 49. Rd8+ Ke7 50. Rh8 Kxe6 51. Rxh6+ Rf6 52. Rh8 Rf3+ 53. Ke4 Rh3 54. Rh6+ Ke7 55. Rh7+ Kd6 56. Rh6+ Kc5 57. Rh8 Kb4 58. h6 Rxc4+ 59. Kd5 Rch4 60. Rh7 Rh5+ 61. Ke4 Rxh6 62. Rxb7 Kxa4 63. Rd7 R6h4+ 64. Kd5 Rd3+ 0-1